000 02460nam0a2200397 4500
001 RU\NLR\bibl\1460730
005 20260408011643.0
010 _a978-5-5895-16-208-8
_91000
021 _aRU
_b2009-91762
_95800
035 _a(nilc)RSL-KNO-004412159
035 _a(NLR Aleph) 001452498
090 _a1532055
_c1532055
100 _a20091110d2009 |||y0rusy50 ca
101 0 _arus
102 _aRU
105 _aa |||||||||
200 1 _aСтраницы истории объединенной профсоюзной организации "Бухара - Урал", "Уралтрансгаз", "Газпром трансгаз Екатеринбург", 1964-2009
_f[Каета Г. М.]
210 _aЕкатеринбург
_cСВ-96
_d2009
215 _a391 с., [24] л. цв. ил.
_cил., портр.
_d25
300 _aВ вып.дан., корешке и в макете загл.: Страницы истории объединенной профсоюзной организации ООО "Газпром трансгаз Екатеринбург"
300 _aПосвящается 45-летию объед. профсоюз. орг. ООО "Газпром трансгаз Екатеринбург"
300 _aАвт. указан перед вып. дан.
516 0 _aСтраницы истории объединенной профсоюзной организации ООО "Газпром трансгаз Екатеринбург"
517 0 _aСтраницы истории объединенной профсоюзной организации ООО "Газпром трансгаз Екатеринбург"
601 0 2 _a"Газпром трансгаз Екатеринбург", общество с ограниченной ответственностью
_bПрофсоюзная организация
_92610108
_3RU\NLR\auth\661546666
686 _aФ72(2)920.61я2
_2rubbk
686 _aФ72(2)920.61
700 1 _aКаета
_bГ. М.
_gГригорий Максимович
_4070
712 0 2 _4570
_a"Газпром трансгаз Екатеринбург", общество с ограниченной ответственностью
_bПрофсоюзная организация
_9842945
_3RU\NLR\AUTH\8810173527
801 0 _aRU
_bРГБ
_c20091110
_grcr
801 1 _aRU
_bРГБ
_c20091110
801 2 _aRU
_bNLR
_c20100114
_grcr
830 _aпо кн
942 _cBOOK
980 _aNB